000
00312 a2200157 4500
001
62875
020
_a
9788581633602
040
_c
Anchieta - Pituba
100
_a
Price, Lissa
240
1
0
_a
Enders
_l
por
245
1
0
_a
Enders
300
_a
286
362
0
_a
2014
650
4
_a
Literatura juvenil
942
_c
BK
999
_c
62875
_d
62875